000 00694 am a2200205 a 4500
005 20240627103230.0
008 100928s1984||||ag # f |||| 001 0 spa d
020 _a9501401863
041 _aspa
092 _c378.820905
_l54
_sMUN
100 1 _aMuñoz Soler, Ramón Pascual.
_91525
245 _aUniversidad de síntesis.
_bModelo argentino para el año 2000 /
_cRamón Pascual Muñoz Soler.
250 _a1a ed.
260 _aBuenos Aires:
_bDepalma;
_c1984.
300 _a91 p.
500 _aMuñoz Soler, R. P. (1994). Universidad de síntesis. Modelo argentino para el año 2000. (1a ed.). Buenos Aires : Depalma.
653 _aEducación Superior
930 _a190
942 _2ddc
_cBK
999 _c771
_d771